| 000 | 00381nam a22001217a 4500 | ||
|---|---|---|---|
| 008 | 230609b xxu||||| |||| 00| 0 eng d | ||
| 082 |
_a354.676 _bGOK |
||
| 110 | _bGOK | ||
| 245 |
_a2017/2018 Estimates Development Expenditure of GOK for the year ending 30th June 2018 _bVolume 3 _cVotes D1133-D2151 _hApril 2017 |
||
| 260 |
_aKenya _bGOK _cApril 2017 |
||
| 300 | _a2192p | ||
| 942 |
_2ddc _cBK |
||
| 999 |
_c978 _d978 |
||